000 00307nam a22001337a 4500
008 190205b xxu||||| |||| 00| 0 eng d
020 _a9780716736271
041 _aeng
080 _22nd
_a311
100 _a55
101 _aSTA
245 _aThe Basic Practice of Statistics
_cMoore,D.S
942 _2udc
_cBK
999 _c53970
_d53970